Statistics for Complete the Movie Title (2016)

Click here to take the quiz!

General Stats

  • This quiz has been taken 75 times
  • The average score is 16 of 25

Answer Stats

HintAnswer% Correct
The Jungle ____Book
97%
Teenage Mutant Ninja _______: Out of the ShadowsTurtles
97%
Kung Fu _____ 3Panda
93%
Independence Day: __________Resurgence
93%
Fantastic ______ and Where to Find ThemBeasts
91%
________ SquadSuicide
91%
My Big Fat Greek _______ 2Wedding
88%
Blair _____Witch
88%
Central ____________Intelligence
84%
_______ PartySausage
79%
Dirty ________Grandpa
78%
The _____: Election YearPurge
74%
Nocturnal _______Animals
72%
Pete’s ______Dragon
69%
________ from HeavenMiracles
68%
Neighbors 2: ________ RisingSorority
54%
Time _______Raiders
51%
A _______ CallsMonster
49%
Monster ______Trucks
46%
Big ____ & BegoniaFish
32%
The Age of _______Shadows
31%
Kubo and the Two _______Strings
26%
Masterpiece Mystery: Sherlock: The Abominable _____Bride
25%
____ SocietyCafé
21%
Railroad ______Tigers
9%

Score Distribution

Percentile by Number Answered

Percent of People with Each Score

Your Score History

You have not taken this quiz